000 00457nam a2200181Ia 4500
005 20250213004259.0
008 240331s9999 xx 000 0 und d
082 _bKHA
_25615
_a305.4
100 _aKhan, U
245 0 _aStorm in the Shelter:
_bLesson Learnt from the Mera Ghar Experience
260 _bAurat Foundation
300 _aiv, 71 p.,
650 _aWomen
650 _aViolence
650 _aLegal Aid
650 _aCivil Society
942 _cL
999 _c1341
_d1341